| 000 | 00847nam a2200229Ia 4500 | ||
|---|---|---|---|
| 001 | L463-2265 | ||
| 003 | IT-CnALBA | ||
| 008 | 170116s9999||||xx |||||||||||||| ||und|| | ||
| 040 |
_aIT-CnALBA _cIT-CnALBA |
||
| 041 | _aITALIANO | ||
| 100 | _aGARCIA ANTONIO | ||
| 245 | 0 | _aVOCABOLARIO ITALIANO-SPAGNOLO; SPAGNOLO-ITALIANO. | |
| 250 | _a1a ed. | ||
| 260 |
_aMILANO _bVALLARDI FRANCESCO & ANTONIO EDIT. _cn.d. |
||
| 300 | _a462 p. | ||
| 500 | _aDIZIONARIO DEL TURISTA. REGOLE DI PRONUNCIA. REGOLE GRAMMATICALI. ABBREVIAZIONI. | ||
| 501 | _aSocietà San Paolo EM - Piazza San Paolo, 14 - 12051 ALBA (CN) (non commercial uses only) ® Copyright 2017 | ||
| 520 | _aDIZIONARIO DEL TURISTA. REGOLE DI PRONUNCIA. REGOLE GRAMMATICALI. ABBREVIAZIONI. | ||
| 650 | _aDIZIONARI LINGUA SPAGNOLA E PORTOGHESE | ||
| 942 | _cBK | ||
| 957 | _71 | ||
| 999 |
_a3242 _bNO _g Copie: 1 _c261451 _d261451 |
||